Statistics for Early Modern Figures by Portrait

Click here to take the quiz!

General Stats

  • This quiz has been taken 26 times
  • The average score is 9 of 21

Answer Stats

Answer% Correct
Elizabeth I
92%
Martin Luther
92%
Anne Boleyn
76%
Oliver Cromwell
68%
Charles II
64%
Suleiman the Magnificent
64%
Charles V, Holy Roman Emperor
56%
Lorenzo de Medici
52%
Rembrandt
48%
Louis XIII
44%
Albrecht Durer
36%
William the Silent
36%
Cesare Borgia
32%
Gallileo Gallilei
32%
Michelangelo
32%
Ferdinand of Aragon
20%
Hayreddin Barbarossa
20%
Hernan Cortes
20%
Johannes Kepler
20%
Eugene of Savoy
16%
Matthias Corvinus
12%

Score Distribution

Percentile by Number Answered

Percent of People with Each Score

Your Score History

You have not taken this quiz